Descubierta / (Record no. 157043)
[ view plain ]
| 000 -LEADER | |
|---|---|
| campo de control de longitud fija | 00803nam a2200181 i 4500 |
| 001 - NÚMERO DE CONTROL | |
| campo de control | 157043 |
| 003 - IDENTIFICADOR DE NÚMERO DE CONTROL | |
| campo de control | ES-MaACL |
| 005 - FECHA Y HORA DE LA ÚLTIMA TRANSACCIÓN | |
| campo de control | 20230906210552.0 |
| 008 - DATOS DE LONGITUD FIJA--INFORMACIÓN GENERAL | |
| campo de control de longitud fija | 040806s1887 sp |||| | spa d |
| 100 1# - ENTRADA PRINCIPAL--NOMBRE DE PERSONA | |
| Nombre de persona | Lapoulide, Juan Lorenzo ( |
| Fechas asociadas al nombre | m. 1906) |
| 9 (RLIN) | 163573 |
| 245 10 - MENCIÓN DEL TÍTULO | |
| Título | Descubierta / |
| Mención de responsabilidad, etc. | por Juan L. Lapoulide. |
| 260 ## - PUBLICACIÓN, DISTRIBUCIÓN, ETC. | |
| Lugar de publicación, distribución, etc. | Madrid : |
| Nombre del editor, distribuidor, etc. | Librería de Escribano y Echevarría, |
| Fecha de publicación, distribución, etc. | 1887 ( |
| Fabricante | Sucesores de Rivadeneyra) |
| 300 ## - DESCRIPCIÓN FÍSICA | |
| Extensión | 293 p. ; |
| Dimensiones | 18 cm. |
| 505 8# - NOTA DE CONTENIDO CON FORMATO | |
| Nota de contenido con formato | Contiene: El salto del caballo ; Loleng ; Un ingrato ; Los ojos azules ; Fregeneda ; El comisionado ; Poesías |
| 530 ## - NOTA DISPONIBLE DE FORMULARIO FÍSICO ADICIONAL | |
| Nota de formato físico adicional disponible | Disponible en formato digital. |
| 852 ## - LOCALIZACIÓN | |
| Ubicación | ES-MaACL |
| Número de control de estantería | F-2888 |
| Nota libre | - Enc. pasta española |
| -- | - Dedicatoria autógrafa del autor |
| 856 ## - LOCALIZACIÓN Y ACCESO ELECTRÓNICOS | |
| Identificador Uniforme de Recursos | <a href="http://bdh-rd.bne.es/viewer.vm?id=0000239207&page=1 ">http://bdh-rd.bne.es/viewer.vm?id=0000239207&page=1 </a> |
| Nota pública | Biblioteca Digital Hispánica |
| Estatus retirado | Estado de pérdida | Estado de daño | No para préstamo | Colección | Biblioteca de origen | Biblioteca actual | Ubicación en estantería | Fecha de adquisición | Fuente de adquisición | Total de préstamos | Signatura topográfica completa | Código de barras | Visto por última vez | Precio de reemplazo | Tipo de ítem Koha |
|---|---|---|---|---|---|---|---|---|---|---|---|---|---|---|---|
| Colección digital | Biblioteca del Ateneo de Madrid | Biblioteca del Ateneo de Madrid | Depósito 2 | 17/01/2008 | F-2888 | 1164311 | 23/02/2023 | 23/02/2023 | Libro impreso antiguo |
